La face de la terre (Record no. 165888)

MARC details
000 -LEADER
campo de control de longitud fija 01117nam a2200253 i 4500
001 - NÚMERO DE CONTROL
campo de control 165888
003 - IDENTIFICADOR DE NÚMERO DE CONTROL
campo de control ES-MaACL
005 - FECHA Y HORA DE LA ÚLTIMA TRANSACCIÓN
campo de control 20250927154534.0
008 - DATOS DE LONGITUD FIJA--INFORMACIÓN GENERAL
campo de control de longitud fija 021018s1897 fr a |||| | fre d
040 ## - FUENTE DE CATALOGACIÓN
Centro catalogador/agencia de origen CCPB | B
Lengua de catalogación spa
Centro/agencia transcriptor CCPB | B
100 1# - ENTRADA PRINCIPAL--NOMBRE DE PERSONA
Nombre de persona Suess, Eduard.
9 (RLIN) 108731
245 13 - MENCIÓN DEL TÍTULO
Título La face de la terre
Resto del título : (das Antlitz der Erde) /
Mención de responsabilidad, etc. par Ed. Suess ; traduit de l'allemand ... sous la direction de Emm. de Margerie ; avec une préface par Marcel Bertrand.
260 ## - PUBLICACIÓN, DISTRIBUCIÓN, ETC.
Lugar de publicación, distribución, etc. Paris :
Nombre del editor, distribuidor, etc. Armand Colin et C\pie\s,
Fecha de publicación, distribución, etc. 1897 (
Fabricante Typ. Chammerot et Renouard)
300 ## - DESCRIPCIÓN FÍSICA
Extensión 5 v. (XV, 835 ; 878 ; XI, 956 ; X, 957-1724 ; 258 p.) :
Otras características físicas il. ;
Dimensiones 25 cm.
596 ## - NOTA AL PIE DE IMPRENTA
NOTA AL PIE DE IMPRENTA El vol. 5 (Tables générales de l'ouvrage) impreso en Coulommiers por Paul Brodard.
650 #7 - PUNTO DE ACCESO ADICIONAL DE MATERIA--TÉRMINO DE MATERIA
Término de materia o nombre geográfico como elemento de entrada Geología
Fuente del encabezamiento o término embne
9 (RLIN) 13086
650 07 - PUNTO DE ACCESO ADICIONAL DE MATERIA--TÉRMINO DE MATERIA
Término de materia o nombre geográfico como elemento de entrada Geografía
Fuente del encabezamiento o término embne
9 (RLIN) 13070
700 1# - ENTRADA AGREGADA--NOMBRE PERSONAL
Nombre de persona Margerie, Emmanuel de,
Fechas asociadas al nombre 1862-1953
9 (RLIN) 129487
700 1# - ENTRADA AGREGADA--NOMBRE PERSONAL
Nombre de persona Bertrand , Marcel Alexandre,
Fechas asociadas al nombre 1847-1907
9 (RLIN) 142193
752 ## - ENTRADA AGREGADA--NOMBRE JERÁRQUICO DEL LUGAR
País o entidad superior Francia -
Ciudad París
852 ## - LOCALIZACIÓN
Ubicación ES-MaACL
Número de control de estantería B-1350-1354
Nota libre -- Enc. hol.
Encuadernación -- Completar T260: 1897-1918
Holdings
Estatus retirado Estado de pérdida Estado de daño No para préstamo Colección Biblioteca de origen Biblioteca actual Ubicación en estantería Fecha de adquisición Fuente de adquisición Total de préstamos Signatura topográfica completa Código de barras Visto por última vez Precio de reemplazo Tipo de ítem Koha
        Libros del s. XIX Biblioteca del Ateneo de Madrid Biblioteca del Ateneo de Madrid Sala Pardo Bazán 17/01/2008     B-1350-1354 1173969 23/02/2023 23/02/2023 Libro impreso antiguo